| 000 | 00583nam a22002177a 4500 | ||
|---|---|---|---|
| 999 |
_c3349 _d3349 |
||
| 003 | OSt | ||
| 005 | 20231120092931.0 | ||
| 008 | 231120b ||||| |||| 00| 0 eng d | ||
| 020 | _a9781250053992 | ||
| 040 | _cKH8 | ||
| 082 | _aFIC ROW | ||
| 100 |
_aRowell, Rainbow, _dauthor. |
||
| 245 |
_aEleanor & Park / _cRainbow Rowell. |
||
| 260 |
_aNew York ; _bSt. Martin's Press, _c2013. |
||
| 300 |
_a328 pages : _c21 cm. |
||
| 650 |
_aLove _vFiction |
||
| 650 |
_aDating (Social customs) _vFiction |
||
| 650 |
_aHigh schools _vFiction |
||
| 650 |
_aSchools _vFiction |
||
| 942 |
_2ddc _cFIC |
||